000 03363cam a22012134i 4500
003 PE-LiUPU
005 20250813185521.0
008 150625s2006 mx rb 000 0 spa d
020 _a9682474752
035 _a(Sirsi) i9789682474750
040 _aPE-LiUPU
_bspa
_cPE-LiUPU
_erda
049 _aPRUA
082 0 4 _a370.153
_bF64
_221
100 1 _aFlores Ramos, Estela,
_eautor.
245 1 3 _aLa resolución de conflictos en el aula :
_buna propuesta para la convivencia en educación infantil /
_cEstela Flores Ramos.
250 _a2a
264 1 _aMéxico :
_bTrillas,
_c2006.
300 _a192 páginas ;
_c24 centímetros
336 _atext
_2rdacontent
337 _aunmediated
_2rdamedia
338 _avolume
_2rdacarrier
504 _aBibliografía : página 189.
505 0 _aNo tanta teoría.. . -El desarrollo psíquico en el niño. -El conflicto intepesonal en el ámbito de la institución escolar. -Educación preventiva y abordaje adecuado de los conflictos interpersonales. -Función y sentido del juego en el desarrollo afectivo ainfantil. -El poder de la literatura en el desarrollo emocional infantil. -Metodología de la enseñanza para la construcción de la autonomía, la cretividad y la autovaloración. -Actividades prácticas.
526 _aP202
526 _aP201
526 _aP163
526 _aP162
526 _aP161
526 _aP160
526 _aP148
526 _aP147
526 _aP146
526 _aP145
526 _aP144
526 _aP143
526 _aP142
526 _aP141
526 _aP140
526 _aP139
526 _aP138
526 _aP137
526 _aP136
526 _aP135
526 _aP134
526 _aP133
526 _aP129
526 _aP128
526 _aP127
526 _aP120
526 _aP119
526 _aP118
526 _aP116
526 _aP115
526 _aP114
526 _aP110
526 _aP109
526 _aP108
526 _aP104
526 _aP103
526 _aP102
526 _aP99
526 _aP98
526 _aP97
526 _aP96
526 _aP95
526 _aP93
526 _aP90
526 _aP89
526 _aP88
526 _aP83
526 _aP82
526 _aP62
526 _aP59
526 _aP58
526 _aP57
526 _aP51
526 _aP49
526 _aP48
526 _aP47
526 _aP29
526 _aP24
526 _aP20
526 _aP19
526 _aP17
526 _aP15
526 _aP14
526 _aP12
526 _aP10
526 _aP09
526 _aP08
526 _aP07
526 _aP06
526 _aP05
526 _aP04
526 _aP01
541 _g0012-0003324;
650 0 4 _aConflicto interpersonal.
650 0 4 _aConflicto, Manejo del.
942 _2ddc
_cBOOK
949 _a370.153 F64
_wDEWEY
_c1
_i56823
_d2016-10-6
_e2016-10-3
_lCCODEBUL1
_mBUL
_n2
_p9.00
_r0
_sY
_tBOOK
_u2015-6-25
_xSALUD
_PP33
_0COMPRA
_o.STAFF. Colección General
994 _aC0
_bPEPRU
596 _a1
999 _a370.153 F64
_wDEWEY
_c45958
_i56823
_d45958
_e2016-10-3
_f2021-11-8
_g5
_lCCODEBUL1
_mBUL
_n2
_p9.00
_q1
_r0
_sY
_tBOOK
_u2015-6-25
_xEDUCACION
_PP33
_0COMPRA
_o.STAFF. Colección Ciencias de la Salud
980 _81
_gALBERTO SANCHEZ Responsable de Automatización